Caribbean marine biodiversity : (Registro nro. 4841)
[ vista simple ]
| 000 -CABECERA | |
|---|---|
| Campo de control | 00881nam a2200253 4500 |
| 005 - FECHA Y HORA DE LA ULTIMA TRANSACCION | |
| Campo de control | 20160614161826.0 |
| 008 - ELEMENTOS DE LONGITUD FIJA—INFORMACION GENERAL | |
| Campo de control | 140317s2005 ve a||||r|||| 001 0 eng d |
| 020 ## - ISBN | |
| ISBN | 1932078487 |
| 040 ## - FUENTE DE CATALOGACIÓN | |
| Agencia catalogadora original | CO-BoIAVH |
| Agencia transcriptora | CO-BoIAVH |
| 041 0# - IDIOMA | |
| Código de idioma para texto/pista de sonido o título separado | Inglés |
| 044 ## - PAÍS DE PUBLICACIÓN | |
| País de publicación | Venezuela |
| 082 04 - NUMERO DE CLASIFICACION DECIMAL DEWEY | |
| Número de clasificación | 578.77 |
| Número del ítem | C27m |
| 245 00 - MENCION DE TITULO | |
| Título | Caribbean marine biodiversity : |
| Parte restante del título | the known and the unknown / |
| Mención de responsabilidad | editado por Patricia Miloslavich y Eduardo Klein |
| 260 ## - PUBLICACION, DISTRIBUCION, ETC. (PIE DE IMPRENTA) | |
| Lugar de publicación, distribución, etc. | Caracas : |
| Nombre del editor, distribuidor, etc. | DEStech Publication, |
| Fecha de publicación, distribución, etc. | 2005. |
| 300 ## - DESCRIPCION FISICA | |
| Extensión | 310 páginas : |
| Otros detalles físicos | ilustraciones ; |
| Dimensiones | 22 x 15 cm. |
| 500 ## - NOTA GENERAL | |
| Nota general | Incluye índices. |
| 504 ## - NOTA DE BIBLIOGRAFIA, ETC. | |
| Nota de bibliografía | Incluye referencias bibliográficas. |
| 650 14 - ASIENTO SECUNDARIO DE MATERIA - TERMINO TEMATICO | |
| Término temático o nombre geográfico como elemento de entrada | Biodiversidad marina |
| Subdivisión geográfica | Caribe |
| 9 (RLIN) | 71740 |
| 650 26 - ASIENTO SECUNDARIO DE MATERIA - TERMINO TEMATICO | |
| Término temático o nombre geográfico como elemento de entrada | Conservación de la diversidad biológica |
| Subdivisión geográfica | Caribe |
| 9 (RLIN) | 71741 |
| 700 1# - ASIENTO SECUNDARIO - NOMBRE PERSONAL | |
| Nombre personal | Miloslavich, Patricia |
| Término de relación | editora |
| 9 (RLIN) | 22275 |
| 700 1# - ASIENTO SECUNDARIO - NOMBRE PERSONAL | |
| Nombre personal | Klein, Eduardo |
| Término de relación | editor |
| 9 (RLIN) | 22276 |
| 942 ## - ELEMENTOS ADICIONALES (KOHA) | |
| Tipo de ítem | Libro |
| Sistema de clasificación | Dewey Decimal Classification |
| 945 ## - PROCESAMIENTO LOCAL | |
| AAAA-MM-DD - Fecha de ingreso o modificacion | 2005-11-18 |
| Withdrawn status | Lost status | Sistema de Clasificación | Damaged status | No para préstamo | Colección | Inventariado | Ubicación Permanente | Ubicación actual | Fecha de adquisición | Fuente de Valor | Valor | Total Checkouts | Número topográfico | Inventario / Código de Barras | Date last seen | Ejemplar | Price effective from | Forma de adquisición | Tipo de material |
|---|---|---|---|---|---|---|---|---|---|---|---|---|---|---|---|---|---|---|---|
| Dewey Decimal Classification | General | Inventariado 2017 | Sala Fabio Quevedo | Sala Fabio Quevedo | 18/11/2005 | Instituto | 30000.00 | LB-578.77 C27m | 022332 | 04/12/2012 | Ej. 1 | 04/12/2012 | Donación | Libro |